<?xml version="1.0" encoding="UTF-8"?>
<record
    xmlns:xsi="http://www.w3.org/2001/XMLSchema-instance"
    xsi:schemaLocation="http://www.loc.gov/MARC21/slim http://www.loc.gov/standards/marcxml/schema/MARC21slim.xsd"
    xmlns="http://www.loc.gov/MARC21/slim">

  <leader>00655nam a2200205Ia 4500</leader>
  <datafield tag="999" ind1=" " ind2=" ">
    <subfield code="c">36891</subfield>
    <subfield code="d">36891</subfield>
  </datafield>
  <controlfield tag="001">2842</controlfield>
  <controlfield tag="003">GE_BSU</controlfield>
  <controlfield tag="005">20221028120536.0</controlfield>
  <controlfield tag="008">181216s1970ru  xx |||||||||||||| ||rus||</controlfield>
  <datafield tag="040" ind1=" " ind2=" ">
    <subfield code="c">GE_BSU</subfield>
  </datafield>
  <datafield tag="041" ind1=" " ind2=" ">
    <subfield code="a">rus</subfield>
  </datafield>
  <datafield tag="080" ind1=" " ind2=" ">
    <subfield code="a">811.1+811.112.2</subfield>
  </datafield>
  <datafield tag="100" ind1=" " ind2=" ">
    <subfield code="a">&#x41C;&#x430;&#x43A;&#x430;&#x435;&#x432;, &#x42D;.&#x410;</subfield>
    <subfield code="9">15624</subfield>
  </datafield>
  <datafield tag="245" ind1=" " ind2=" ">
    <subfield code="a">&#x421;&#x442;&#x440;&#x443;&#x43A;&#x442;&#x443;&#x440;&#x430; &#x441;&#x43B;&#x43E;&#x432;&#x430; &#x432; &#x438;&#x43D;&#x434;&#x43E;&#x435;&#x432;&#x440;&#x43E;&#x43F;&#x435;&#x439;&#x441;&#x43A;&#x438;&#x445; &#x438; &#x433;&#x435;&#x440;&#x43C;&#x430;&#x43D;&#x441;&#x43A;&#x438;&#x445; &#x44F;&#x437;&#x44B;&#x43A;&#x430;&#x445; /</subfield>
    <subfield code="c">&#x42D;.&#x410;. &#x41C;&#x430;&#x43A;&#x430;&#x435;&#x432;.</subfield>
  </datafield>
  <datafield tag="264" ind1=" " ind2=" ">
    <subfield code="a">&#x41C;&#x43E;&#x441;&#x43A;&#x432;&#x430; :</subfield>
    <subfield code="b">&#x41D;&#x430;&#x443;&#x43A;&#x430;,</subfield>
    <subfield code="c">1970.</subfield>
  </datafield>
  <datafield tag="300" ind1=" " ind2=" ">
    <subfield code="a">285 &#x441;.:</subfield>
    <subfield code="b"> 22 &#x441;&#x43C;.</subfield>
  </datafield>
  <datafield tag="653" ind1=" " ind2=" ">
    <subfield code="a">&#x421;&#x442;&#x440;&#x443;&#x43A;&#x442;&#x443;&#x440;&#x430; &#x441;&#x43B;&#x43E;&#x432;&#x430;</subfield>
  </datafield>
  <datafield tag="653" ind1=" " ind2=" ">
    <subfield code="a">&#x10E1;&#x10D8;&#x10E2;&#x10E7;&#x10D5;&#x10D8;&#x10E1; &#x10E1;&#x10E2;&#x10E0;&#x10E3;&#x10E5;&#x10E2;&#x10E3;&#x10E0;&#x10D0;</subfield>
  </datafield>
  <datafield tag="942" ind1=" " ind2=" ">
    <subfield code="c">BK</subfield>
    <subfield code="2">udc</subfield>
  </datafield>
  <datafield tag="952" ind1=" " ind2=" ">
    <subfield code="0">0</subfield>
    <subfield code="1">0</subfield>
    <subfield code="2">udc</subfield>
    <subfield code="4">0</subfield>
    <subfield code="6">81118111122</subfield>
    <subfield code="7">0</subfield>
    <subfield code="9">36279</subfield>
    <subfield code="a">CPL</subfield>
    <subfield code="b">CPL</subfield>
    <subfield code="c">GEN</subfield>
    <subfield code="d">2018-12-17</subfield>
    <subfield code="o">811.1+811.112.2</subfield>
    <subfield code="p">4839</subfield>
    <subfield code="r">2018-12-17</subfield>
    <subfield code="t">4839</subfield>
    <subfield code="w">2018-12-17</subfield>
    <subfield code="y">BK</subfield>
  </datafield>
</record>
